Statistics for booktok books by synonyms p.2

Click here to take the quiz!

General Stats

  • This quiz has been taken 242 times
  • The average score is 4 of 33

Answer Stats

synonymsanswer% Correct
the unseen existence of abby lautoroutethe invisible life of addie larue
62%
a tribunal of spikes and pinksa court of thorns and roses
57%
the pickthe selection
33%
the crow guysthe raven boys
32%
crimson increasingred rising
29%
truthverity
28%
salsa of banditsdance of thieves
23%
flower john and the sextetdaisy jones and the six
21%
graveyard young mencemetery boys
19%
annie and the european peckanna and the french kiss
18%
realm of the sinfulkingdom of the wicked
15%
every smart locationsall the bright places
14%
the advantage of remaining an erisium cheirithe perks of being a wallflower
14%
nonagon mansionninth house
12%
ragebirthfuryborn
10%
desirecrave
8%
the hellish gadgetthe infernal device
7%
vesselcaraval
5%
enchantresscirce
5%
enchantment of pricklessorcery of thorns
5%
coal in the sootember in the ash
4%
coalcinder
3%
hatchetscythe
3%
keeping high the cosmosholding up the universe
2%
the loathing match a bookthe hating game a novel
2%
a benighted tone of witchcrafta darker shade of magic
1%
abnormaldivergent
1%
sugar young womanhoney girl
1%
the juvenile electthe young elites
1%
dust czarinaash princess
0%
sunup growingaurora rising
0%
knowledgelore
0%
undomesticated younglingswilder girls
0%

Score Distribution

Percentile by Number Answered

Percent of People with Each Score

Your Score History

You have not taken this quiz